1163 1100 1360 1097 1869 1568 1053 1870 1552 1159 1477 1032 1408 1571 1158 1787 1395 1855 1323 1857 1596 1861 1152 1115 1888 1662 1076 1824 1086 1308 1944 1567 1982 1094 1375 1497 1375 1620 1086 1233 1011 1340 1590 1572 1559 1921 1975 1841 1910 1262 1886 1255 1115 1790 1611 1177 1918 1710 1681 1183 1161 1742 1590 1093 1518 1784 1114 1666 1914 1432 1478 1146 1126 1904 1137 1046 1189 1436 1371 1278 1885 1293 1100 1228 1414 1538 1269 1288 1540 1202 1277 1977 1037 1245 1942 1298 1586 1826 1551 BCNSPRNW ULIB Ver.6.0+V

เปลี่ยนเป็นภาษาไทย

Change to English
 แสดงรายละเอียดบรรณานุกรม
  กลับหน้าหลัก

Brief Record : Get Marc (ISO 2709) : E-mail record : QR code < ปิดหน้าต่าง
LEADER : 00000nam 2200000uu 4500
001    13399111981
003     ULIB
008    110627s2552||||th 000 0 tha d
020    9786110600965
090    นว.^bM111S 2552
100 0  Merlin
245 00 Sweet Gossip ซุบซิบ หัวใจนายน่าจุ๊บ/^cMerlin
250    พิมพ์ครั้งที่ 1
260    กรุงเทพฯ :^bแจ่มใส,^c2552
300    210 หน้า
710 1  แจ่มใส
945    ^p159^l0^i026758
995    ทศพร
999 ^a ใช้งานได้ทุกระบบ
รายการนี้ยังไม่มีแท็ก
คุณยังไม่ได้ล็อกอิน คุณสามารถมีกิจกรรมร่วมกับเว็บไซต์ได้ แต่ต้องล็อกอินก่อน ::
  ล็อกอิน

รายการสื่อสารสนเทศ

ลำดับที่ ประเภท เลขเรียก/บาร์โค้ด สถานที่ สถานะ
- ไม่พบข้อมูล -

BibComment


ยังไม่เคยถูกคอมเมนท์

คอมเมนท์ทรัพยากรรายการนี้
  คอมเมนท์: Sweet Gossip ซุบซ..


 Copyright 2026. Bcnsprnw @Library